|
|
|
|
| LEADER |
00000cam a2200000Mu 4500 |
| 001 |
EBOOKCENTRAL_on1202462779 |
| 003 |
OCoLC |
| 005 |
20240329122006.0 |
| 006 |
m o d |
| 007 |
cr ||||||||||| |
| 008 |
201031s2019 gw o ||| 0 ger d |
| 040 |
|
|
|a EBLCP
|b eng
|c EBLCP
|d REDDC
|d OCLCF
|d OCLCQ
|d OCLCO
|
| 019 |
|
|
|a 1202452394
|
| 020 |
|
|
|a 9783838272344
|
| 020 |
|
|
|a 383827234X
|
| 029 |
1 |
|
|a AU@
|b 000073248784
|
| 035 |
|
|
|a (OCoLC)1202462779
|z (OCoLC)1202452394
|
| 050 |
|
4 |
|a PN1584
|b .S564 2019
|
| 082 |
0 |
4 |
|a 791.43611
|2 23
|
| 049 |
|
|
|a UAMI
|
| 100 |
1 |
|
|a Singer, Thorsten.
|
| 245 |
1 |
0 |
|a Film als Experiment
|h [electronic resource].
|
| 260 |
|
|
|a Berlin :
|b Ibidem Verlag,
|c 2019.
|
| 300 |
|
|
|a 1 online resource (197 p.)
|
| 500 |
|
|
|a Description based upon print version of record.
|
| 590 |
|
|
|a ProQuest Ebook Central
|b Ebook Central Academic Complete
|
| 650 |
|
0 |
|a Performing arts.
|
| 650 |
|
6 |
|a Arts du spectacle.
|
| 650 |
|
7 |
|a performing arts (discipline)
|2 aat
|
| 650 |
|
7 |
|a Performing arts
|2 fast
|
| 776 |
0 |
8 |
|i Print version:
|a Singer, Thorsten
|t Film als Experiment: Demon Seed und Ex Machina zwischen Gedankenexperiment, Simulation und Laborraum
|d Berlin : Ibidem Verlag,c2019
|
| 856 |
4 |
0 |
|u https://ebookcentral.uam.elogim.com/lib/uam-ebooks/detail.action?docID=6130368
|z Texto completo
|
| 938 |
|
|
|a ProQuest Ebook Central
|b EBLB
|n EBL6130368
|
| 994 |
|
|
|a 92
|b IZTAP
|